00484nam a2200157Ia 4500003000900000008004100009020001800050040001600068080001500084100002300099245009900122260004000221300001600261650004100277650000800318IN-BaIIA211028s9999 xx 000 0 eng d a0-471-94363-0 cIIA Library a523.9bKIP aKippenhahn, Rudolf 0aDiscovering the secrets of the suncRudolf Kippenhahn  aChichesterbJohn Wiley & Sonsc1994 axvii, 262p. aAstronomy and astrophysics thesaurus aSun